Sports Quiz

Random Sports or Soccer Quiz

Zoomed in Football Badges 2 Quiz Stats

 Plays Quiz not verified by Sporcle

Score 0/20 Timer 05:00
21 Plays Today
% Correct
Southampton
91.3%
Besiktas
85.4%
Newcastle
81.4%
Rangers
80.3%
Olympiacos
78.7%
Feyenoord
77.1%
Torino
74.9%
Koln
73.8%
Nice
69.9%
Kobenhavn
63.9%
% Correct
Benfica
63.5%
Shakhtar Donetsk
55.7%
Sassuolo
51.5%
Deportivo
50.7%
Montpellier
50%
Legia Warsaw
44%
Malaga
43.5%
Gent
41.6%
Austria Wien
19.1%
Rostov
17.1%

You're not logged in!

Compare scores with friends on all Sporcle quizzes.
OR
Log In

You Might Also Like...

Show Comments

Extras

Top Quizzes Today


Score Distribution

Your Account Isn't Verified!

In order to create a playlist on Sporcle, you need to verify the email address you used during registration. Go to your Sporcle Settings to finish the process.

Report this User

Report this user for behavior that violates our Community Guidelines.

Details: